Splnený drotársky sen Budatínsky zámok ponúka expozíciu, ktorá nemá obdobu na celom svete

Bibliographic Details
Main Author: Strapko, Michal (Author)
Format: Article
Language:Slovak
PhysicalDescription:Fotogr.
ISSN:1336-6629
Subjects:

MARC

LEADER 00000nab a2200000 ar4500
001 vtls008303231
003 SK-MaSNL
005 20260304134739.0
008 250505c2005 xo mr|p|||||||000 b|slo
015 |a SNBRB2005/10  |2 snkbucl 
035 |a (uuid)6f7f2109-ac11-4ddc-abaf-101266055d76 
035 |a urn:nbn:sk:snk-abf4lq 
035 |a (urnnbn)urn:nbn:sk:snk:ar-a09t7f 
038 |a SNKBUCL 
040 |a SNKBUCL  |b slo  |c SNKBUCL  |e AACR2 
041 0 |a slo 
044 |a xo  |c SK 
072 7 |a 67/68  |x Remeslá. Rôzne odvetvia priemyslu  |2 konspekt 
080 |a 745.5:672.85:061.43  |x (437.6)  |2 UDC-MRF-SK2 
080 |a 739.5:672.85:061.43  |x (437.6)  |2 UDC-MRF-SK2 
100 1 |a Strapko, Michal  |4 aut  |9 508886 
245 1 0 |a Splnený drotársky sen  |b Budatínsky zámok ponúka expozíciu, ktorá nemá obdobu na celom svete  |c Michal Strapko 
300 |b Fotogr. 
610 2 7 |a Považské múzeum  |2 snkbucl  |9 33264 
650 0 7 |a drotárstvo  |2 snkbucl  |9 31752 
650 0 7 |a umelecké spracovanie drôtu  |2 snkbucl  |9 842896 
650 0 7 |a expozície  |2 SNKPH  |9 29734 
651 7 |a Žilina (Slovensko)  |2 snkbucl  |9 28812 
773 0 |t Antik  |g Roč. 1, č. 5 (2005), s. 50-53  |x 1336-6629 
850 |a Slovenská národná knižnica 
852 |a Slovenská národná knižnica 
954 |a odborná, vedecká literatúra cudzojazyčná (svetová)  |2 lita 
958 |a article2022 
958 |a SK 
958 |a OND 
958 |a EUIPO 
999 |c 2907976  |d 2909906